| 000 | 00744nam a2200181 a 4500 | ||
|---|---|---|---|
| 001 | 000029463 | ||
| 005 | 20200930055552.0 | ||
| 008 | 110415s1995 dr 000 0 spa d | ||
| 040 |
_aDO-SdBNP _bspa _cBNPHU |
||
| 082 |
_axxx _bC3978a |
||
| 110 | 2 |
_aCentro Nacional de Investigaciones en Salud Materno Infantil _955757 |
|
| 245 | 1 | 0 |
_aAcciones en la atención de la enfermedad diarreica aguda (EDA) en la República Dominicana : _bLa investigación, enseñanza y estrategias para la reducción de su morbi-mortalidad / _ceditor Eddy Pérez. |
| 260 |
_aSanto Domingo : _bCENISMI, _c1995. |
||
| 300 |
_a12 p. ; _c28 cm. |
||
| 490 |
_aReuniones Técnicas _vv. 11 |
||
| 700 | 1 |
_aPérez, Eddy, _eed. _956333 |
|
| 830 | 0 |
_aReuniones Técnicas _vv.114 _956332 |
|
| 999 |
_c28955 _d28955 |
||